000 00245nam a2200097Ia 4500
008 230508s2004 xx 000 0 und d
041 _aeng
100 _aUTTURKAR , SIGHAL
245 _aTHEORY OF MACHINES
260 _bNIRALI PUBLI,PUNE
_c2004
_g2004
999 _c342309
_d342309